Textos de Historia del Derecho.
Saved in:
| Hovedforfatter: | |
|---|---|
| Andre forfattere: | , |
| Format: | Bog |
| Sprog: | spansk |
| Udgivet: |
Madrid, España
Universidad Complutense
1983
|
| Fag: | |
| Tags: |
Tilføj Tag
Ingen Tags, Vær først til at tagge denne postø!
|
MARC
| LEADER | 00000nam a2200000 a 4500 | ||
|---|---|---|---|
| 001 | UCR2425 | ||
| 003 | CL-VaPUC | ||
| 005 | 20250225130618.0 | ||
| 008 | 980112e19830000SP |||||||||||||||||spa|d | ||
| 999 | |c 265592 |d 265590 | ||
| 040 | |c Pontificia Universidad Católica de Valparaíso | ||
| 082 | 0 | 4 | |a 349.46 GAC 1983 |2 21 |
| 100 | |a Gacto Fernández, Enrique |9 418915 | ||
| 245 | 1 | 0 | |a Textos de Historia del Derecho. |
| 260 | 0 | 3 | |a Madrid, España |b Universidad Complutense |c 1983 |
| 300 | |a 165 páginas. | ||
| 583 | |a last modification |c 19980112 00:00:00 |k Rodrigo Vera | ||
| 650 | 0 | |a Historia del derecho |9 255109 | |
| 650 | 0 | |a Derecho español |9 255291 | |
| 650 | 7 | |a DERECHO ANTIGUO |2 CL-VaPUC |9 400251 | |
| 650 | 0 | |a Derecho romano |9 255930 | |
| 650 | 0 | |a Derecho visigodo |9 392738 | |
| 650 | 0 | |a Derecho medieval |9 314261 | |
| 650 | 0 | |a Monarquía |9 255259 | |
| 650 | 0 | |a Derecho común |9 376758 | |
| 650 | 0 | |a Derecho comercial |9 256340 | |
| 650 | 0 | |a Absolutismo |9 257456 | |
| 650 | 0 | |a Estado de derecho |9 257795 | |
| 650 | 0 | |a Constituciones |9 255417 | |
| 650 | 0 | |a Normas jurídicas |9 258310 | |
| 651 | 0 | |a España |9 254926 | |
| 700 | 0 | |a Alejandre García, Juan Antonio |9 400249 | |
| 700 | |a García Marín, José María |9 591110 | ||
| 942 | |c BK |2 ddc | ||
| 945 | |d 19980112 00:00:00 |a cmena | ||
| 952 | |0 0 |1 0 |2 ddc |4 0 |6 349_460000000000000_GAC_1983 |7 0 |8 DER_HIS |9 296596 |a BIBDER |b BIBDER |d 2019-11-20 |i 1930303 |o 349.46 GAC 1983 |p 1930303 |r 2019-11-20 |t 1 |w 2019-11-20 |x Ubicación 4to Piso |y BK |z Estos recursos deben solicitarse con anticipación |k DER | ||